000
00258nam a2200097Ia 4500
001
682971
005
20250826161429.0
008
250824s9999 xx 000 0 und d
245
0
_a
GÜLLERİN SOLDUĞU GÜN
_c
AHMET HALDUN TERZİOĞLU
260
_b
PANAMA YAYINLARI
999
_c
682971
_d
682971